Tecnología y modernidad en latinoamérica: ética, política y cultura
Guardat en:
| Format: | Llibre |
|---|---|
| Idioma: | espanyol |
| Publicat: |
Santiago
Instituto Latinoamericano de Estudios transnacionales
1992
|
| Matèries: | |
| Etiquetes: |
Afegir etiqueta
Sense etiquetes, Sigues el primer a etiquetar aquest registre!
|
MARC
| LEADER | 00000nam a2200000 a 4500 | ||
|---|---|---|---|
| 001 | UCY0338 | ||
| 003 | CL-VaPUC | ||
| 008 | 940725e19920000CL |||||||||||||||||spa|d | ||
| 082 | 0 | 4 | |a 303.483 |b TEC |2 21 |
| 245 | 1 | 0 | |a Tecnología y modernidad en latinoamérica: ética, política y cultura |
| 300 | |a 194 p | ||
| 942 | |c BK | ||
| 945 | |d 19940725 00:00:00 |a rbrito | ||
| 260 | |a Santiago |b Instituto Latinoamericano de Estudios transnacionales |c 1992 | ||
| 650 | 7 | |a TECNOLOGIA Y CIVILIZACION |2 CL-VaPUC |9 312103 | |
| 650 | 7 | |a CONGRESOS SIGLO 20 |2 CL-VaPUC |9 327992 | |
| 651 | 0 | |a América Latina |9 255027 | |
| 583 | |a last modification |c 20160901 11:24:28 |k Rodrigo Vera | ||
| 999 | |c 229354 |d 229352 | ||
| 952 | |0 0 |1 0 |4 0 |6 303_483000000000000_TEC_1992 |7 0 |8 A |9 230382 |a BIBEDU |b BIBEDU |d 2019-11-15 |i 2996391 |o 303.483 TEC 1992 |p 2996391 |r 2019-11-15 |w 2019-11-15 |y BK |k EPE | ||